[Event "Rated Blitz game"]
[Site "?"]
[Date "2021.04.30"]
[Round "?"]
[White "KeyserSozeee"]
[Black "ahoramahora"]
[Result "1-0"]
[WhiteElo "2402"]
[BlackElo "2328"]
[PlyCount "49"]
[EventDate "2021.??.??"]
[EventType "blitz"]

1. e4 e5 2. Nf3 d5 3. exd5 e4 4. Qe2 Nf6 5. d3 Qxd5 6. Nbd2 Nc6 7. dxe4 Qa5 8.
Qb5 Bd7 9. Qxa5 Nxa5 10. Bd3 O-O-O 11. Nb3 Nc6 12. Bg5 Be7 13. O-O-O h6 14. Be3
Ng4 15. Rhe1 Nxe3 16. Rxe3 Bg4 17. Kb1 Bf6 18. h3 Bxf3 19. Rxf3 Ne5 20. Re3 Bg5
21. Ree1 Rd7 22. g3 Bf6 23. f4 Nc6 24. e5 Be7 25. Bf5 {Normal} 1-0

[Event "Rated Blitz game"]
[Site "?"]
[Date "2021.04.30"]
[Round "?"]
[White "Uvall"]
[Black "AsianLion"]
[Result "0-1"]
[WhiteElo "2612"]
[BlackElo "2622"]
[PlyCount "41"]
[EventDate "2021.??.??"]
[EventType "blitz"]

1. e4 e5 2. Nf3 d5 3. exd5 Bd6 4. Nc3 Nf6 5. Bb5+ c6 6. dxc6 Nxc6 7. O-O O-O 8.
Re1 Nd4 9. Nxd4 exd4 10. Ne4 Nxe4 11. Rxe4 Bf5 12. Re1 Qc7 13. h3 Bxc2 14. Qg4
d3 15. Qf3 Rad8 16. Re4 f5 17. Rc4 Qe7 18. g3 Qe1+ 19. Kg2 f4 20. g4 Bd1 21.
Qxd1 {Normal} 0-1

[Event "Rated Blitz game"]
[Site "?"]
[Date "2021.04.30"]
[Round "?"]
[White "ArthurPijpers"]
[Black "AsianLion"]
[Result "0-1"]
[WhiteElo "2629"]
[BlackElo "2622"]
[PlyCount "60"]
[EventDate "2021.??.??"]
[EventType "blitz"]

1. e4 e5 2. Nf3 d5 3. exd5 Bd6 4. d4 e4 5. Ne5 Nf6 6. c4 c5 7. dxc6 Nxc6 8.
Nxc6 bxc6 9. Nc3 O-O 10. Be2 h6 11. Be3 Rb8 12. Qc2 Bf5 13. h3 Re8 14. g4 Bg6
15. h4 Qc7 16. O-O-O Rb4 17. g5 Nh5 18. gxh6 Reb8 19. b3 Nf4 20. hxg7 Nd3+ 21.
Bxd3 exd3 22. Rxd3 Qa5 23. h5 Bh7 24. h6 Qa3+ 25. Kd2 Rxc4 26. bxc4 Rb2 27. Rb1
Rxc2+ 28. Kxc2 Qa6 29. f3 Qxc4 30. Rbd1 Bb4 {Normal} 0-1

[Event "Rated Blitz game"]
[Site "?"]
[Date "2021.04.30"]
[Round "?"]
[White "Vaasco"]
[Black "annaly1979"]
[Result "1-0"]
[WhiteElo "2461"]
[BlackElo "2445"]
[PlyCount "57"]
[EventDate "2021.??.??"]
[EventType "blitz"]

1. e4 e5 2. Nf3 d5 3. d4 dxe4 4. Nxe5 Bd6 5. Nc4 Nf6 6. Be2 O-O 7. Nxd6 cxd6 8.
O-O h6 9. c4 Bf5 10. Nc3 Nc6 11. h3 Re8 12. Be3 a6 13. Rb1 Rc8 14. b4 Ne7 15.
a4 d5 16. c5 Ng6 17. b5 Qa5 18. Qd2 axb5 19. axb5 b6 20. Ra1 Qb4 21. Rfb1 Qxb1+
22. Rxb1 Nd7 23. c6 Nf6 24. Ra1 Ra8 25. Rxa8 Rxa8 26. Qb2 Nf8 27. Qb3 Be6 28.
Na4 Rb8 29. Bf4 {Normal} 1-0

[Event "Rated Rapid game"]
[Site "?"]
[Date "2021.04.30"]
[Round "?"]
[White "rattascalpel"]
[Black "Delyvj"]
[Result "0-1"]
[WhiteElo "2402"]
[BlackElo "2351"]
[PlyCount "118"]
[EventDate "2021.??.??"]
[EventType "rapid"]

1. e4 e5 2. Nf3 d5 3. Nxe5 dxe4 4. d4 exd3 5. Bxd3 Nd7 6. Nxd7 Bxd7 7. O-O Qh4
8. Re1+ Be7 9. Qf3 O-O-O 10. Be4 c6 11. Nc3 Nf6 12. Bf5 Bd6 13. g3 Qb4 14. a3
Qa5 15. Bxd7+ Rxd7 16. Be3 Kb8 17. b4 Qh5 18. Qg2 Ng4 19. Rad1 Rhd8 20. Rxd6
Rxd6 21. Bf4 Kc8 22. Bxd6 Rxd6 23. Ne4 Rd8 24. Nc5 Ne5 25. Rf1 Nf3+ 26. Kh1 Rd2
27. Ne4 Re2 28. Nc3 Rxc2 29. g4 Qxh2+ 30. Qxh2 Nxh2 31. Kxh2 Rxc3 32. Kg2 Rxa3
33. Re1 Kd7 34. Rd1+ Ke7 35. Re1+ Kf6 36. Rb1 Kg5 37. f3 Kf4 38. b5 Ra2+ 39.
Kh3 Kxf3 40. bxc6 bxc6 41. Rb3+ Kf4 42. Rb7 Ra3+ 43. Kg2 Kxg4 44. Rxf7 Ra2+ 45.
Kf1 g5 46. Rxh7 Kg3 47. Rc7 g4 48. Rxc6 a5 49. Rc3+ Kh2 50. Rc8 Ra1+ 51. Ke2 g3
52. Rh8+ Kg1 53. Rg8 g2 54. Rg6 Ra2+ 55. Kd3 Kf1 56. Rf6+ Rf2 57. Rc6 g1=Q 58.
Rc1+ Kg2 59. Rxg1+ Kxg1 {Normal} 0-1

[Event "Rated Blitz tournament UJyeH8oF"]
[Site "?"]
[Date "2021.04.30"]
[Round "?"]
[White "Elgranconejo"]
[Black "emilo_ibarra_brito"]
[Result "1-0"]
[WhiteElo "2465"]
[BlackElo "2209"]
[PlyCount "93"]
[EventDate "2021.??.??"]
[EventType "blitz"]

1. e4 e5 2. Nf3 d5 3. exd5 e4 4. Nd4 Qxd5 5. Nb3 Qe5 6. Nc3 Bb4 7. Qe2 Bxc3 8.
dxc3 Nf6 9. Be3 Nc6 10. O-O-O Bg4 11. f3 exf3 12. gxf3 Bd7 13. Qf2 O-O 14. Rg1
Rfe8 15. Bg5 Bf5 16. f4 Qe6 17. Nc5 Qxa2 18. Bxf6 g6 19. Bd3 Bxd3 20. Nxd3 Qe6
21. Bd4 Rad8 22. f5 Qa2 23. fxg6 fxg6 24. Qf6 Nxd4 25. cxd4 Rd6 26. Qf2 Rf8 27.
Qe3 Re6 28. Qh6 Rff6 29. Rde1 Qa1+ 30. Kd2 Qa5+ 31. b4 Qf5 32. Rxe6 Rxe6 33.
Qg5 Qf8 34. Qd5 Qf7 35. Qg2 Rf6 36. Re1 Kg7 37. Qe4 Rd6 38. Qe5+ Kh6 39. Re3 g5
40. Rh3+ Kg6 41. Qe4+ Qf5 42. Rh6+ Kxh6 43. Qxf5 Rxd4 44. Qf6+ Kh5 45. Qxd4 g4
46. Ne5 Kh4 47. Qxg4# {Normal} 1-0

[Event "Rated Blitz game"]
[Site "?"]
[Date "2021.04.30"]
[Round "?"]
[White "AntoniodelaTorre"]
[Black "annaly1979"]
[Result "1-0"]
[WhiteElo "2455"]
[BlackElo "2434"]
[PlyCount "127"]
[EventDate "2021.??.??"]
[EventType "blitz"]

1. e4 e5 2. Nf3 d5 3. Nxe5 Qe7 4. d4 f6 5. Nf3 dxe4 6. Ng1 f5 7. Be2 Nf6 8. Nc3
Be6 9. h3 Nc6 10. Bb5 a6 11. Bxc6+ bxc6 12. Nge2 Qf7 13. O-O Bd6 14. Bf4 O-O
15. Bxd6 cxd6 16. Nf4 Rab8 17. b3 d5 18. Qe2 g5 19. Nxe6 Qxe6 20. f4 g4 21. h4
Nh5 22. Qe3 g3 23. Ne2 Qf6 24. Nxg3 Qxh4 25. Nxh5 Qxh5 26. Qh3 Qf7 27. Rae1 Kh8
28. Re3 Rg8 29. Kf2 Qg7 30. Rh1 Rb7 31. g3 Qxd4 32. Qxf5 Qd2+ 33. Re2 Qd4+ 34.
Kg2 Rbg7 35. Rh3 Qd1 36. Qh5 d4 37. Kh2 Qf1 38. Rg2 e3 39. Qe2 Qb1 40. a4 c5
41. g4 c4 42. bxc4 Qb8 43. Qf3 Rf8 44. Qg3 Rxf4 45. g5 Qf8 46. g6 Rf2 47. Rxh7+
Rxh7+ 48. gxh7 Rxg2+ 49. Kxg2 Kxh7 50. Qh4+ Qh6 51. Qxd4 Qg5+ 52. Kf3 Qf5+ 53.
Kxe3 Qxc2 54. Qd3+ Qxd3+ 55. Kxd3 Kg6 56. Kd4 Kf6 57. Kd5 Ke7 58. Kc6 a5 59.
Kb7 Kd6 60. Kb6 Kd7 61. c5 Kc8 62. Kxa5 Kb7 63. Kb5 Kc7 64. a5 {Normal} 1-0

[Event "Rated Blitz game"]
[Site "?"]
[Date "2021.04.30"]
[Round "?"]
[White "IMV_86"]
[Black "Roberto_Baggio1978"]
[Result "1-0"]
[WhiteElo "2491"]
[BlackElo "2544"]
[PlyCount "55"]
[EventDate "2021.??.??"]
[EventType "blitz"]

1. e4 e5 2. Nf3 d5 3. exd5 e4 4. Qe2 Nf6 5. d3 Qxd5 6. Nbd2 Nc6 7. Nxe4 Be7 8.
Nxf6+ gxf6 9. Qe4 Qa5+ 10. Bd2 Qb6 11. Bc3 Be6 12. a4 O-O-O 13. a5 Qc5 14. a6
b6 15. Be2 Rhg8 16. O-O h5 17. Kh1 h4 18. h3 Rg7 19. Nxh4 Rdg8 20. Bf3 Bd7 21.
Ra4 b5 22. Rd4 Bd6 23. Rd5 Qb6 24. Nf5 Bxf5 25. Qxf5+ Kd8 26. Bxf6+ Ne7 27. Re1
Rg6 28. Rxe7 {Normal} 1-0

[Event "Rated Blitz game"]
[Site "?"]
[Date "2021.04.30"]
[Round "?"]
[White "Jazzyjef"]
[Black "annaly1979"]
[Result "1-0"]
[WhiteElo "2534"]
[BlackElo "2447"]
[PlyCount "137"]
[EventDate "2021.??.??"]
[EventType "blitz"]

1. e4 e5 2. Nf3 d5 3. Nc3 dxe4 4. Nxe4 f5 5. Nc3 e4 6. Ne5 Nf6 7. d4 Be6 8. Bf4
Nbd7 9. Nxd7 Qxd7 10. Be2 Bb4 11. O-O c6 12. Be5 O-O 13. a3 Ba5 14. b4 Bb6 15.
Na4 Rad8 16. Nxb6 axb6 17. c4 b5 18. cxb5 cxb5 19. Qd2 Bc4 20. Rac1 Qe6 21. Qe3
Nd5 22. Bxc4 bxc4 23. Qg3 Rd7 24. f3 f4 25. Qh4 Ne3 26. Rf2 Nf5 27. Qxf4 e3 28.
Re2 Nxd4 29. Qxd4 Rxd4 30. Bxd4 Qd5 31. Bxe3 Qd3 32. Ree1 Re8 33. Kf2 c3 34.
Re2 b5 35. h3 h6 36. Rce1 Kh7 37. Bf4 Rxe2+ 38. Rxe2 c2 39. Bc1 Qd4+ 40. Kf1 h5
41. Rd2 Qc4+ 42. Kf2 h4 43. Re2 Qd4+ 44. Re3 Qa1 45. Re1 Qc3 46. Ke2 Qd4 47.
Kf1 Qd1 48. Kf2 Qd6 49. Kf1 Qh2 50. Kf2 Qg3+ 51. Kf1 Qd6 52. Kf2 Kg6 53. Kf1
Kf5 54. Kf2 g5 55. Kf1 Kg6 56. Kf2 Kh5 57. Kf1 Qd4 58. Ke2 Qd6 59. Kf1 Qd3+ 60.
Kf2 Qd1 61. Kf1 Qd3+ 62. Kf2 Qd4+ 63. Re3 Kg6 64. Ke2 Qd1+ 65. Kf2 Qxc1 66.
Re6+ Kh5 67. Re4 Qd2+ 68. Re2 Qxe2+ 69. Kxe2 {Time forfeit} 1-0

[Event "Rated Blitz game"]
[Site "?"]
[Date "2021.04.30"]
[Round "?"]
[White "KeyserSozeee"]
[Black "ahoramahora"]
[Result "0-1"]
[WhiteElo "2412"]
[BlackElo "2317"]
[PlyCount "168"]
[EventDate "2021.??.??"]
[EventType "blitz"]

1. e4 e5 2. Nf3 d5 3. exd5 e4 4. Qe2 Nf6 5. d3 Qxd5 6. Nc3 Bb4 7. Bd2 Bxc3 8.
Bxc3 O-O 9. Bxf6 exf3 10. Qe5 Qxe5+ 11. Bxe5 Re8 12. d4 f6 13. O-O-O fxe5 14.
dxe5 Bg4 15. Bc4+ Kh8 16. g3 Nc6 17. h3 Be6 18. Bb5 Rad8 19. Bxc6 bxc6 20. Rde1
a5 21. Re3 Bd5 22. b3 c5 23. c4 Bc6 24. Rhe1 Re6 25. Kc2 a4 26. Kc3 a3 27. b4
cxb4+ 28. Kxb4 Ra8 29. Rxa3 Rb8+ 30. Kc5 h6 31. Ra7 Bb7 32. Rb1 Rc6+ 33. Kd4
Rd8+ 34. Ke3 Ba6 35. Kxf3 Bxc4 36. Ke3 Rd3+ 37. Ke4 Rd2 38. f4 Bd3+ 39. Ke3
Rcc2 40. Rb8+ Kh7 41. Rbb7 Bf5 42. Ra3 Re2+ 43. Kd4 Red2+ 44. Ke3 Re2+ 45. Kd4
Rcd2+ 46. Kc5 Rxa2 47. Rxa2 Rxa2 48. g4 Be4 49. Rxc7 Rc2+ 50. Kd6 Rxc7 51. Kxc7
Kg8 52. e6 Kf8 53. Kd8 Bc6 54. e7+ Kf7 55. f5 Bb5 56. h4 Ba4 57. g5 hxg5 58.
hxg5 Bb5 59. f6 g6 60. Kc7 Ke8 61. Kd6 Bc4 62. Ke5 Bf7 63. Kf4 Kd7 64. Ke5 Bg8
65. Kf4 Bf7 66. Ke3 Ke6 67. Kf4 Be8 68. Ke3 Kf5 69. Kf3 Kxg5 70. Kg3 Kxf6 71.
Kf3 Kxe7 72. Kg3 Kf6 73. Kf3 g5 74. Kg3 Bg6 75. Kf3 Kf5 76. Kf2 g4 77. Kg1 Kg5
78. Kf2 Kh4 79. Kg1 g3 80. Kg2 Be4+ 81. Kg1 Kh3 82. Kf1 g2+ 83. Ke1 Kh2 84. Kd2
g1=Q {Time forfeit} 0-1

[Event "Rated Rapid game"]
[Site "?"]
[Date "2021.04.30"]
[Round "?"]
[White "bcnv"]
[Black "ayuCATUR"]
[Result "1-0"]
[WhiteElo "2441"]
[BlackElo "2302"]
[PlyCount "43"]
[EventDate "2021.??.??"]
[EventType "rapid"]

1. e4 e5 2. Nf3 d5 3. exd5 e4 4. Ne5 Qxd5 5. d4 exd3 6. Nxd3 Nf6 7. Nc3 Bb4 8.
Nxb4 Qe6+ 9. Qe2 a5 10. Qxe6+ Bxe6 11. Nd3 Nc6 12. Bg5 Nd4 13. O-O-O O-O-O 14.
Nc5 Bg4 15. f3 Bf5 16. Bd3 b6 17. Bxf5+ Nxf5 18. Bxf6 gxf6 19. N5e4 Ne3 20.
Rxd8+ Rxd8 21. Rg1 f5 22. Ng5 {Normal} 1-0

[Event "Rated Blitz game"]
[Site "?"]
[Date "2021.04.30"]
[Round "?"]
[White "AmokChess"]
[Black "pasha1984"]
[Result "1/2-1/2"]
[WhiteElo "2411"]
[BlackElo "2424"]
[PlyCount "153"]
[EventDate "2021.??.??"]
[EventType "blitz"]

1. e4 e5 2. Nf3 d5 3. Nxe5 dxe4 4. Qe2 Nf6 5. Nc3 Bd6 6. d4 exd3 7. Nxd3+ Qe7
8. Be3 O-O 9. O-O-O Ng4 10. Bd4 Nc6 11. Qxe7 Bxe7 12. h3 Nxd4 13. hxg4 Bxg4 14.
f3 Nxf3 15. Be2 Bg5+ 16. Kb1 Nd2+ 17. Rxd2 Bxd2 18. Bxg4 Bxc3 19. bxc3 f5 20.
Bf3 c6 21. Nc5 b6 22. Ne6 Rf6 23. Nd4 Rc8 24. Re1 c5 25. Nb5 a6 26. Na7 Rd8 27.
Nc6 Rdd6 28. Re8+ Kf7 29. Rc8 Kg6 30. Rc7 Kh6 31. Ne7 Kg5 32. Nd5 Rg6 33. c4 h5
34. Rf7 h4 35. Ne7 Rgf6 36. Rxg7+ Kf4 37. Nd5+ Rxd5 38. cxd5 h3 39. Be2 h2 40.
Rh7 Kg3 41. Bf3 f4 42. c4 b5 43. Kc2 b4 44. Kd3 a5 45. Ke4 a4 46. Ke5 Rg6 47.
d6 b3 48. d7 Rg8 49. axb3 axb3 50. Kd6 b2 51. Be4 b1=Q 52. Bxb1 Kxg2 53. Be4+
f3 54. Bxf3+ Kxf3 55. Rxh2 Rg6+ 56. Kc7 Rg7 57. Rd2 Rxd7+ 58. Kxd7 Ke3 59. Kc6
Kxd2 60. Kxc5 Kc3 61. Kd5 Kb4 62. c5 Kb5 63. c6 Ka6 64. Kd6 Kb6 65. c7 Kb5 66.
Kd7 Kc4 67. c8=Q+ Kd4 68. Qc6 Ke3 69. Ke6 Kf2 70. Qd5 Ke3 71. Kf5 Kf2 72. Qe5
Kg1 73. Kf4 Kf2 74. Qe3+ Kg2 75. Kg4 Kh1 76. Qf3+ Kg1 77. Kg3 {Normal} 1/2-1/2

[Event "Rated Blitz game"]
[Site "?"]
[Date "2021.04.30"]
[Round "?"]
[White "Blol02"]
[Black "eslamimahdi"]
[Result "1-0"]
[WhiteElo "2414"]
[BlackElo "2329"]
[PlyCount "91"]
[EventDate "2021.??.??"]
[EventType "blitz"]

1. e4 e5 2. Nf3 d5 3. d3 dxe4 4. dxe4 Qxd1+ 5. Kxd1 Bg4 6. Be2 Bxf3 7. Bxf3 Nc6
8. c3 O-O-O+ 9. Kc2 Bc5 10. Rf1 Nf6 11. Nd2 Rd7 12. Nb3 Bb6 13. Bg5 Rhd8 14.
Bxf6 gxf6 15. Bg4 Ne7 16. Bxd7+ Rxd7 17. f3 Be3 18. Rad1 Rxd1 19. Rxd1 Ng6 20.
g3 Bb6 21. c4 c6 22. c5 Bc7 23. Nd2 Ne7 24. Nc4 f5 25. Nd6+ Bxd6 26. cxd6 Ng8
27. d7+ Kd8 28. exf5 Nf6 29. g4 Nxd7 30. Kd3 Ke7 31. Ke4 f6 32. f4 Nc5+ 33. Kf3
h6 34. h4 Na4 35. Rd2 Nc5 36. fxe5 fxe5 37. g5 hxg5 38. hxg5 Nd7 39. f6+ Ke6
40. Rxd7 Kxd7 41. g6 Ke6 42. g7 Kf7 43. Ke4 c5 44. Kxe5 b6 45. Kd5 Kg8 46. Ke6
{Normal} 1-0

[Event "Rated Blitz game"]
[Site "?"]
[Date "2021.04.30"]
[Round "?"]
[White "Koksik_5"]
[Black "pasha1984"]
[Result "0-1"]
[WhiteElo "2388"]
[BlackElo "2417"]
[PlyCount "166"]
[EventDate "2021.??.??"]
[EventType "blitz"]

1. e4 e5 2. Nf3 d5 3. d4 dxe4 4. Nxe5 Bd6 5. Nc4 Nc6 6. Nxd6+ Qxd6 7. c3 Qg6 8.
Bf4 Nf6 9. Nd2 Nd5 10. Bg3 f5 11. Bc4 Be6 12. Bxd5 Bxd5 13. c4 Bf7 14. d5 Nd4
15. Nxe4 fxe4 16. Qxd4 O-O 17. O-O c6 18. d6 c5 19. Qxc5 Rfc8 20. Qe3 Rxc4 21.
Rad1 b6 22. Rd2 Rd8 23. Rfd1 Rd7 24. h4 Rc5 25. Rd4 Bxa2 26. Rxe4 h6 27. Re8+
Kh7 28. Re7 Qf5 29. Ra1 Ra5 30. Rxd7 Qxd7 31. Qe4+ Kg8 32. Qg6 Bf7 33. Qb1 Rxa1
34. Qxa1 a5 35. Qa3 Bd5 36. Qe3 b5 37. Qb6 a4 38. f3 Bb7 39. Kh2 Bd5 40. Qd4
Bc4 41. Be5 Kh7 42. Qf4 Be6 43. Qe4+ Bf5 44. Qd4 Be6 45. g4 h5 46. Kg3 hxg4 47.
fxg4 Kg8 48. Qe4 Bc4 49. Kf4 Be6 50. Qd4 Qf7+ 51. Kg3 Bd7 52. Qf4 Qe6 53. Qf5
Qb3+ 54. Kf4 Qf3+ 55. Kg5 Bxf5 56. gxf5 Qe3+ 57. Bf4 Qe4 58. Kg4 Qd5 59. h5 Kf7
60. Kg5 Qd4 61. Be5 Qg1+ 62. Bg3 Qf2 63. Kh4 Qc2 64. Bf4 Qxb2 65. Kg4 Qb3 66.
h6 Qc3 67. hxg7 Qc4 68. f6 Qe6+ 69. Kg5 Qxf6+ 70. Kg4 Qxg7+ 71. Kf3 Qf8 72. Ke3
Qe8+ 73. Kd4 Qd7 74. Be5 Ke6 75. Ke4 Qc6+ 76. Kf4 b4 77. Bd4 Qd7 78. Be5 Qxd6
79. Ke4 Qxe5+ 80. Kf3 Qd5+ 81. Kf2 b3 82. Kg3 a3 83. Kh2 Qc4 {Time forfeit} 0-1

[Event "Rated Blitz game"]
[Site "?"]
[Date "2021.04.30"]
[Round "?"]
[White "Disqualifier"]
[Black "blastol"]
[Result "0-1"]
[WhiteElo "2553"]
[BlackElo "2409"]
[PlyCount "52"]
[EventDate "2021.??.??"]
[EventType "blitz"]

1. e4 e5 2. Nf3 d5 3. Nxe5 Bd6 4. d4 dxe4 5. Nc4 f5 6. Nc3 Nf6 7. Nxd6+ Qxd6 8.
Bc4 Nc6 9. Ne2 Be6 10. Bxe6 Qxe6 11. O-O O-O-O 12. c3 h6 13. Qa4 g5 14. Re1 Qd6
15. b4 Ng4 16. g3 Kb8 17. b5 Ne7 18. c4 Qg6 19. Ba3 Qh5 20. h4 gxh4 21. Nf4 Qf7
22. Bxe7 Qxe7 23. Ng6 Qg5 24. Nxh4 Nxf2 25. Kxf2 f4 26. Qb3 e3+ {Normal} 0-1

[Event "Rated Blitz game"]
[Site "?"]
[Date "2021.04.30"]
[Round "?"]
[White "Patonotucupi"]
[Black "ahoramahora"]
[Result "1-0"]
[WhiteElo "2445"]
[BlackElo "2304"]
[PlyCount "29"]
[EventDate "2021.??.??"]
[EventType "blitz"]

1. e4 e5 2. Nf3 d5 3. d4 dxe4 4. Nxe5 Nd7 5. Nxd7 Bxd7 6. Nc3 Nf6 7. Bc4 h6 8.
O-O Bb4 9. f3 exf3 10. Qxf3 O-O 11. Bxh6 gxh6 12. Qxf6 Qxf6 13. Rxf6 Kg7 14.
Raf1 Rae8 15. Rxf7+ {Normal} 1-0

[Event "Rated Blitz game"]
[Site "?"]
[Date "2021.04.30"]
[Round "?"]
[White "apramana16"]
[Black "pasha1984"]
[Result "0-1"]
[WhiteElo "2321"]
[BlackElo "2413"]
[PlyCount "104"]
[EventDate "2021.??.??"]
[EventType "blitz"]

1. e4 e5 2. Nf3 d5 3. Nxe5 dxe4 4. d4 Bd6 5. Nc3 Bxe5 6. dxe5 Qxd1+ 7. Kxd1 Nc6
8. Bb5 Bg4+ 9. Ke1 O-O-O 10. Bxc6 bxc6 11. Be3 Ne7 12. Nxe4 Ng6 13. Ng5 Nxe5
14. f4 Nc4 15. Bxa7 Rhe8+ 16. Kf2 Re2+ 17. Kg3 f5 18. h3 Bh5 19. b3 Na3 20.
Rac1 Rdd2 21. Kh4 Bg6 22. g4 Nxc2 23. Nf3 Rd3 24. Ne5 Rc3 25. Kg5 fxg4 26. hxg4
Be4 27. Rhd1 Rg3 28. f5 Kb7 29. Kf4 Rgg2 30. Nc4 Bd5 31. Ne3 Nxe3 32. Bxe3 Rc2
33. Rxc2 Rxc2 34. Rd4 Rxa2 35. Rb4+ Kc8 36. Rd4 Rg2 37. g5 h5 38. gxh6 gxh6 39.
f6 h5 40. Ke5 Rg4 41. Rxg4 Kd7 42. Bf4 hxg4 43. Bg3 Bf7 44. Kd4 c5+ 45. Kxc5
Kc8 46. Bf4 Kd7 47. Bg3 Kc8 48. Kd4 Kd7 49. Ke5 Kc8 50. Kf5 c6 51. Kg5 c5 52.
Kh6 Be8 {Time forfeit} 0-1

[Event "Rated Blitz game"]
[Site "?"]
[Date "2021.04.30"]
[Round "?"]
[White "tacticsforever2800"]
[Black "spv79"]
[Result "0-1"]
[WhiteElo "2484"]
[BlackElo "2517"]
[PlyCount "66"]
[EventDate "2021.??.??"]
[EventType "blitz"]

1. e4 e5 2. Nf3 d5 3. exd5 e4 4. Nd4 Qxd5 5. Nb3 Bd6 6. Nc3 Qe5 7. Nb5 Nf6 8.
Nxd6+ cxd6 9. d4 exd3+ 10. Be3 dxc2 11. Qxc2 Bf5 12. Bd3 Bxd3 13. Qc8+ Ke7 14.
Qxh8 Qxb2 15. Nc1 Qxa1 16. Qc8 Ne4 17. f3 Na6 18. Qxb7+ Kf6 19. fxe4 Nc5 20.
Qxa8 Nxe4 21. Qc6 Kg6 22. h4 h5 23. Kd1 Kh7 24. Qd5 Bb1 25. Qxh5+ Kg8 26. Qa5
Nc3+ 27. Kd2 Ne4+ 28. Ke2 Qb2+ 29. Kf3 Nf6 30. Qd8+ Kh7 31. Ne2 Be4+ 32. Kg3
Qxe2 33. Kf4 Qg4# {Normal} 0-1

[Event "Rated Blitz tournament T6y5T7XX"]
[Site "?"]
[Date "2021.04.30"]
[Round "?"]
[White "Proteuo"]
[Black "CarlitosCL"]
[Result "0-1"]
[WhiteElo "2413"]
[BlackElo "2328"]
[PlyCount "70"]
[EventDate "2021.??.??"]
[EventType "blitz"]

1. e4 e5 2. Nf3 d5 3. exd5 Qxd5 4. Nc3 Qe6 5. Bb5+ Bd7 6. Bxd7+ Nxd7 7. O-O
O-O-O 8. Re1 f5 9. d3 h6 10. Qe2 Bd6 11. Nd4 Qg6 12. Ndb5 a6 13. a4 Ngf6 14.
Nxd6+ cxd6 15. b4 Rhe8 16. a5 e4 17. d4 Kb8 18. b5 Rc8 19. bxa6 Rxc3 20. Qb5
Rc7 21. Bf4 Nh5 22. Bd2 f4 23. Rab1 e3 24. fxe3 f3 25. g3 Qxc2 26. Rb2 Qg6 27.
Kf2 Nhf6 28. axb7 Ne4+ 29. Kxf3 Nxd2+ 30. Rxd2 Qe4+ 31. Ke2 Rxb7 32. Qd3 Qg2+
33. Kd1 Qd5 34. a6 Rb3 35. Qe4 Rxe4 {Normal} 0-1

[Event "Rated Blitz game"]
[Site "?"]
[Date "2021.04.30"]
[Round "?"]
[White "Lzikon"]
[Black "JuNzTaNGc0"]
[Result "0-1"]
[WhiteElo "2432"]
[BlackElo "2246"]
[PlyCount "98"]
[EventDate "2021.??.??"]
[EventType "blitz"]

1. e4 e5 2. Nf3 d5 3. exd5 e4 4. Qe2 Nf6 5. Nc3 Be7 6. Ng5 Bf5 7. Ngxe4 Nxe4 8.
Nxe4 Qxd5 9. d3 O-O 10. Nc3 Bb4 11. Bd2 Qa5 12. g3 Nc6 13. Bg2 Rae8 14. Be4 Nd4
15. Qd1 Bh3 16. a3 Bxc3 17. Bxc3 Qb6 18. Qh5 f5 19. Qxh3 fxe4 20. O-O-O Ne2+
21. Kd2 Rxf2 22. Qd7 Nxg3+ 23. Kc1 Ne2+ 24. Kb1 Nxc3+ 25. Ka1 Ref8 26. bxc3
Rxc2 27. Qd5+ Kh8 28. Rb1 Qa6 29. Rb3 Qxd3 30. Qxd3 exd3 31. Rd1 d2 32. Kb1
Rc1+ 33. Rxc1 dxc1=Q+ 34. Kxc1 b6 35. c4 Rf4 36. Rc3 h6 37. Kc2 Rf2+ 38. Kb3
Rxh2 39. c5 g5 40. cxb6 cxb6 41. Rc8+ Kg7 42. Rc7+ Kg6 43. Rxa7 Rf2 44. Rb7 Rf6
45. Kb4 g4 46. Kb5 g3 47. Rb8 Kf5 48. Rg8 Rg6 49. Rf8+ Kg4 {Normal} 0-1

[Event "Rated Blitz game"]
[Site "?"]
[Date "2021.04.30"]
[Round "?"]
[White "Kossport"]
[Black "Gifroy"]
[Result "0-1"]
[WhiteElo "2419"]
[BlackElo "2416"]
[PlyCount "38"]
[EventDate "2021.??.??"]
[EventType "blitz"]

1. e4 e5 2. Nf3 d5 3. Nxe5 Bd6 4. d4 dxe4 5. Qe2 Nf6 6. Nc3 Bf5 7. Bg5 O-O 8.
O-O-O Nc6 9. Nxc6 bxc6 10. Bxf6 Qxf6 11. Nxe4 Bxe4 12. Qxe4 Qxf2 13. Bd3 f5 14.
Qxc6 Kh8 15. Bc4 Rab8 16. Bb3 Rb6 17. Qc4 Qxg2 18. Rhg1 Qc6 19. Qe6 Bf4+ {
Normal} 0-1

[Event "Rated Blitz game"]
[Site "?"]
[Date "2021.04.30"]
[Round "?"]
[White "afchex"]
[Black "Gifroy"]
[Result "0-1"]
[WhiteElo "2455"]
[BlackElo "2409"]
[PlyCount "74"]
[EventDate "2021.??.??"]
[EventType "blitz"]

1. e4 e5 2. Nf3 d5 3. Nxe5 Bd6 4. d4 dxe4 5. Bc4 Bxe5 6. Qh5 Qe7 7. dxe5 Be6 8.
Bxe6 Qxe6 9. Nc3 Nc6 10. Bf4 O-O-O 11. O-O f5 12. Qh3 Re8 13. f3 exf3 14. Qxf3
h6 15. Bg3 Nge7 16. Rae1 g5 17. h3 h5 18. h4 Reg8 19. hxg5 Rxg5 20. Bh4 Rg4 21.
Bxe7 Nxe7 22. Re2 Rhg8 23. Nd1 h4 24. Ne3 Rg3 25. Qf4 h3 26. Nxf5 Rxg2+ 27.
Rxg2 Rxg2+ 28. Kh1 Ng6 29. Qh6 Qd5 30. Qxh3 Rg5+ 31. Kh2 Qd2+ 32. Kh1 Nf4 33.
Ne7+ Kd8 34. Qh8+ Kxe7 35. Qf6+ Kd7 36. Qxg5 Qe3 37. Qxf4 Qe1 {Time forfeit}
0-1

[Event "Rated Blitz game"]
[Site "?"]
[Date "2021.04.30"]
[Round "?"]
[White "Marc_Paraguya"]
[Black "anjaya01"]
[Result "1-0"]
[WhiteElo "2420"]
[BlackElo "2421"]
[PlyCount "21"]
[EventDate "2021.??.??"]
[EventType "blitz"]

1. e4 e5 2. Nf3 d5 3. d4 dxe4 4. Nxe5 Bd6 5. Bf4 f6 6. Qh5+ g6 7. Nxg6 hxg6 8.
Qxh8 Kf7 9. Bc4+ Be6 10. Qh7+ Kf8 11. Bxe6 {Normal} 1-0

[Event "Rated Blitz game"]
[Site "?"]
[Date "2021.04.30"]
[Round "?"]
[White "dearmike"]
[Black "Erow"]
[Result "0-1"]
[WhiteElo "2702"]
[BlackElo "2640"]
[PlyCount "42"]
[EventDate "2021.??.??"]
[EventType "blitz"]

1. e4 e5 2. Nf3 d5 3. Nxe5 Bd6 4. d4 dxe4 5. Nc3 Nf6 6. Bc4 Bxe5 7. dxe5 Qxd1+
8. Nxd1 Ng4 9. Bf4 Nc6 10. e6 Bxe6 11. Bxe6 fxe6 12. Bxc7 O-O 13. h3 Nf6 14.
Ne3 Nd5 15. Bg3 Nd4 16. Nxd5 exd5 17. Rc1 Rac8 18. c3 Nf5 19. Be5 d4 20. O-O d3
21. Rfe1 d2 {Normal} 0-1

[Event "Rated Blitz game"]
[Site "?"]
[Date "2021.04.30"]
[Round "?"]
[White "Hangover75"]
[Black "KamranShirazi"]
[Result "0-1"]
[WhiteElo "2356"]
[BlackElo "2499"]
[PlyCount "102"]
[EventDate "2021.??.??"]
[EventType "blitz"]

1. e4 e5 2. Nf3 d5 3. exd5 e4 4. Nd4 Qxd5 5. Nb3 Bd6 6. Nc3 Qe5 7. Qe2 Bf5 8.
d4 exd3 9. Qxe5+ Bxe5 10. Bxd3 Bxd3 11. cxd3 Nc6 12. Be3 O-O-O 13. O-O-O Nf6
14. d4 Bd6 15. h3 Nb4 16. Bg5 Be7 17. Rhe1 Rhe8 18. Bxf6 Bxf6 19. Rxe8 Rxe8 20.
a3 Nc6 21. d5 Ne5 22. Ne4 Nd3+ 23. Rxd3 Rxe4 24. Kc2 b6 25. f3 Re2+ 26. Rd2 Re1
27. Nd4 Bxd4 28. Rxd4 h5 29. Re4 Rxe4 30. fxe4 f6 31. Kd3 Kd7 32. Kd4 Kd6 33.
g4 hxg4 34. hxg4 a6 35. a4 a5 36. b3 g6 37. g5 fxg5 38. e5+ Kd7 39. Ke3 c6 40.
d6 b5 41. Ke4 bxa4 42. bxa4 Ke6 43. Kd4 g4 44. Ke4 g5 45. Kd4 g3 46. Ke3 g4 47.
Ke2 c5 48. Kf1 c4 49. Kg2 c3 50. Kxg3 c2 51. Kxg4 c1=Q {Normal} 0-1

[Event "Rated Blitz game"]
[Site "?"]
[Date "2021.04.30"]
[Round "?"]
[White "Jochames"]
[Black "pasha1984"]
[Result "0-1"]
[WhiteElo "2360"]
[BlackElo "2422"]
[PlyCount "106"]
[EventDate "2021.??.??"]
[EventType "blitz"]

1. e4 e5 2. Nf3 d5 3. exd5 e4 4. Qe2 Nf6 5. Nc3 Be7 6. Nxe4 Nxd5 7. d4 O-O 8.
Bd2 Re8 9. O-O-O f5 10. Ng3 Bf6 11. Qc4 c6 12. Bd3 b5 13. Qb3 Be6 14. Rhe1 Ne3
15. Rxe3 Bxb3 16. Rxe8+ Qxe8 17. axb3 g6 18. Re1 Qf7 19. Ne5 Bxe5 20. dxe5 Qe6
21. f4 Nd7 22. Ne2 Re8 23. b4 Qd5 24. g3 Nf8 25. Nc3 Qg2 26. Re2 Qg1+ 27. Nd1
Ne6 28. Be3 Qh1 29. Kd2 Rd8 30. b3 Nd4 31. Rf2 Nf3+ 32. Kc1 Nxh2 33. Kb2 Ng4
34. Rd2 Nxe3 35. Nxe3 Kg7 36. Nf1 Qf3 37. Rh2 h5 38. Rd2 h4 39. gxh4 Qxf4 40.
Rg2 Qd4+ 41. Kb1 Qxe5 42. Ng3 f4 43. Nf5+ Qxf5 44. Bxf5 Rd1+ 45. Kb2 f3 46.
Rxg6+ Kf7 47. Rg3 Rf1 48. Rxf3 Rxf3 49. Bd3 Rf4 50. h5 Rh4 51. h6 Rh5 52. h7
Rh6 53. Be4 Rxh7 {Time forfeit} 0-1